Countries that Start and end with a Consonant - Statistics

General Stats
  • This quiz has been taken 54 times
  • The average score is 47 of 59
Answers on the Map
Answers color-coded by a green-red scale on the quiz's map according to % correct below.
 
Answer Stats
Hint Answer % Correct
B–L Brazil
95%
D–K Denmark
90%
N–D New Zealand
90%
S–N Spain
88%
S–D Switzerland
88%
V–N Vietnam
88%
B–M Belgium
86%
F–D Finland
86%
J–N Japan
86%
L–S Laos
86%
S–N Sweden
86%
T–N Turkmenistan
86%
B–S Belarus
83%
K–N Kazakhstan
83%
M–S Marshall Islands
83%
M–R Myanmar
83%
N–S Netherlands
83%
P–N Pakistan
83%
P–D Poland
83%
P–L Portugal
83%
S–S Solomon Islands
83%
S–N South Sudan
83%
S–N Sudan
83%
B–H Bangladesh
81%
B–N Benin
81%
C–N Cameroon
81%
C–D Chad
81%
K–T Kuwait
81%
M–R Madagascar
81%
N–L Nepal
81%
T–N Tajikistan
81%
T–D Thailand
81%
B–N Bhutan
79%
C–S Comoros
79%
K–N Kyrgyzstan
79%
L–N Lebanon
79%
L–G Luxembourg
79%
M–S Maldives
79%
N–R Niger
79%
Q–R Qatar
79%
S–S Seychelles
79%
G–N Gabon
76%
J–N Jordan
76%
S–L Senegal
76%
C–C Czech Republic
74%
D–C Dominican Republic
74%
H–S Honduras
74%
B–N Bahrain
71%
C–S Cyprus
71%
L–N Liechtenstein
71%
M–S Mauritius
71%
P–S Philippines
71%
Y–N Yemen
71%
C–C Central African Republic
69%
S–S Saint Kitts and Nevis
69%
S–S Saint Vincent and the Grenadines
69%
T–N Taiwan
69%
B–S Bahamas
67%
B–S Barbados
60%
No matching quizzes found
Score Distribution
Percent of People with Each Score
Percentile by Number Answered
Your Score History
You have not taken this quiz